000
00265nam a22001217a 4500
008
170407b xxu||||| |||| 00| 0 eng d
041
_a
eng
080
_a
611.018
100
_a
9
101
_a
SHM
245
_a
BASIC HISTOPATHOLOGY
_c
WHEATER, P.R
942
_2
udc
_c
BK
999
_c
10085
_d
10085